00657 2200253 4500001002100000005001500021035002500036090002000061090002100081245004300102260003400145300004500179007000300224008004100227040001700268082001600285084001800301100001800319650001100337850001200348041000800360990001500368990002000383YOGYA00000000008747220190719010854 a0010-081400000087189 aT 634.651 WAH b aPK 634.651 WAH b aBercocok tanam pepaya /cWahyu Muljana aSemarang :bAneka Ilmu,c1990 a60 halaman :bilustrasi, gambar ;c19 cmta131205s1990 jtia g ind d aYOPDYOGbind04223a634.651 a634.651 WAH b0 aWahju Muljana 4aPepaya aYOPDYOG0 aind a34254-P/93 a64110-PD/A.2019